Statistics for 500 Keystrokes in 15 Seconds

Click here to take the quiz!

General Stats

  • This quiz has been taken 269 times
  • The average score is 334 of 500

Answer Stats

# % Correct
7
100%
1
100%
5
100%
6
100%
4
100%
3
100%
2
100%
35
99%
36
99%
37
99%
38
99%
34
99%
30
99%
39
99%
31
99%
32
99%
33
99%
43
99%
47
99%
48
99%
49
99%
45
99%
44
99%
41
99%
42
99%
29
99%
40
99%
27
99%
13
99%
15
99%
28
99%
17
99%
12
99%
11
99%
8
99%
9
99%
10
99%
18
99%
16
99%
23
99%
25
99%
26
99%
22
99%
24
99%
21
99%
20
99%
51
98%
19
98%
50
98%
14
98%
46
98%
57
97%
56
97%
60
97%
59
97%
53
97%
55
97%
52
97%
54
97%
65
96%
66
96%
64
96%
67
96%
58
96%
61
96%
62
96%
63
96%
68
95%
82
94%
85
94%
88
94%
84
94%
83
94%
91
94%
81
94%
93
94%
92
94%
90
94%
89
94%
86
94%
72
94%
73
94%
71
94%
70
94%
69
94%
80
94%
74
94%
79
94%
78
94%
77
94%
76
94%
75
94%
97
93%
98
93%
96
93%
99
93%
95
93%
87
93%
94
93%
103
92%
102
92%
101
92%
105
91%
100
91%
110
91%
125
90%
124
90%
120
90%
126
90%
121
90%
122
90%
130
90%
119
90%
131
90%
129
90%
128
90%
127
90%
123
90%
109
90%
111
90%
108
90%
107
90%
118
90%
112
90%
106
90%
117
90%
113
90%
116
90%
115
90%
114
90%
104
90%
133
89%
134
89%
132
89%
147
88%
146
88%
145
88%
148
88%
150
88%
144
88%
152
88%
151
88%
149
88%
153
88%
143
88%
136
88%
135
88%
138
88%
137
88%
139
88%
141
88%
140
88%
142
87%
155
86%
154
86%
156
85%
158
83%
157
83%
166
82%
159
82%
171
81%
170
81%
172
81%
160
81%
175
81%
174
81%
169
81%
173
81%
161
81%
168
81%
162
81%
163
81%
167
81%
165
81%
164
81%
176
80%
179
79%
180
79%
178
79%
177
79%
190
78%
189
78%
191
78%
193
78%
194
78%
188
78%
192
78%
182
78%
181
78%
187
78%
183
78%
184
78%
186
78%
185
78%
197
77%
196
77%
195
77%
198
76%
207
75%
208
75%
206
75%
211
75%
205
75%
209
75%
201
75%
200
75%
204
75%
202
75%
203
75%
199
75%
216
74%
219
74%
215
74%
218
74%
217
74%
214
74%
212
74%
210
74%
213
74%
225
73%
226
73%
224
73%
223
73%
220
73%
221
73%
222
73%
232
72%
234
72%
231
72%
233
72%
230
72%
229
72%
227
72%
228
72%
239
71%
240
71%
238
71%
237
71%
235
71%
236
71%
248
70%
249
70%
252
70%
251
70%
247
70%
250
70%
242
70%
243
70%
241
70%
244
70%
246
70%
261
69%
259
69%
262
69%
264
69%
258
69%
263
69%
260
69%
253
69%
257
69%
254
69%
255
69%
245
69%
256
69%
268
68%
269
68%
266
68%
265
68%
267
68%
270
67%
276
66%
279
66%
275
66%
280
66%
278
66%
272
66%
273
66%
271
66%
274
66%
277
65%
282
64%
281
64%
284
63%
283
63%
286
62%
293
61%
295
61%
291
61%
294
61%
292
61%
285
61%
290
61%
287
61%
288
61%
289
61%
298
60%
296
60%
297
60%
304
59%
305
59%
303
59%
300
59%
299
59%
301
59%
302
59%
306
58%
312
57%
313
57%
311
57%
310
57%
307
57%
308
57%
309
57%
318
56%
319
56%
315
56%
316
56%
314
56%
321
55%
320
55%
317
55%
322
54%
324
53%
323
53%
332
52%
331
52%
335
52%
330
52%
334
52%
325
52%
326
52%
328
52%
329
52%
344
51%
343
51%
345
51%
341
51%
349
51%
347
51%
346
51%
342
51%
336
51%
333
51%
337
51%
338
51%
340
51%
327
51%
352
50%
353
50%
351
50%
339
50%
348
50%
350
50%
354
49%
357
48%
355
48%
356
48%
363
47%
362
47%
364
47%
358
47%
361
47%
360
47%
367
46%
366
46%
365
46%
359
46%
372
45%
371
45%
368
45%
370
45%
369
45%
376
44%
375
44%
373
44%
374
44%
377
43%
381
43%
380
43%
379
43%
378
43%
391
42%
390
42%
392
42%
389
42%
395
42%
394
42%
393
42%
388
42%
384
42%
382
42%
385
42%
383
42%
386
42%
387
42%
403
41%
404
41%
405
41%
402
41%
407
41%
406
41%
396
41%
401
41%
398
41%
397
41%
399
41%
400
41%
422
39%
421
39%
420
39%
423
39%
427
39%
428
39%
418
39%
426
39%
425
39%
424
39%
419
39%
411
39%
410
39%
417
39%
408
39%
412
39%
409
39%
413
39%
416
39%
415
39%
414
39%
429
38%
431
37%
430
37%
432
36%
434
36%
433
36%
439
35%
440
35%
438
35%
435
35%
437
35%
436
35%
441
34%
442
33%
463
32%
462
32%
464
32%
460
32%
459
32%
465
32%
461
32%
468
32%
472
32%
473
32%
471
32%
470
32%
467
32%
458
32%
466
32%
469
32%
446
32%
448
32%
445
32%
444
32%
457
32%
443
32%
449
32%
447
32%
454
32%
450
32%
456
32%
453
32%
455
32%
452
32%
451
32%
482
31%
481
31%
484
31%
480
31%
485
31%
483
31%
479
31%
478
31%
474
31%
475
31%
477
31%
476
31%
496
29%
495
29%
497
29%
500
29%
494
29%
499
29%
498
29%
490
29%
487
29%
486
29%
488
29%
489
29%
492
29%
491
29%
493
29%

Score Distribution

Percentile by Number Answered

Percent of People with Each Score

Your Score History

You have not taken this quiz